| 000 | 00453nam a2200169 4500 | ||
|---|---|---|---|
| 001 | 112064 | ||
| 003 | ES-MaACL | ||
| 005 | 20230906185427.0 | ||
| 007 | t| | ||
| 008 | 061121s1961 sp r ||||1| spa d | ||
| 100 | 1 |
_aNicol, Eduardo. _985551 |
|
| 245 | 1 | 3 |
_aEl problema de la filosofía hispánica / _cEduardo Nicol. |
| 250 | _a1ª ed. | ||
| 260 |
_aMadrid : _bTecnos, _c1961. |
||
| 300 |
_a279 p. ; _c23 cm. |
||
| 852 |
_aES-MaACL _jC-26738 _bR.55737 |
||
| 999 |
_c112064 _d112064 |
||